000 00598nam a22001575i 4500
001 153058
003 ES-MaACL
005 20230906205014.0
008 041015s1858 fr |||| | fre d
040 _aCAM
_bspa
_cCAM
245 0 4 _aLes cent nouvelles nouvelles
_b: publiées d'après le seul manuscrit connu /
_cavec introduction et notes par Thomas Wright.
260 _aParis :
_bP. Jannet libraire,
_c1858 (
_fImprimé par Ghiraudet et Jouaust)
300 _a2 v. (XLIII, 303; 323 p.) ;
_c16 cm.
700 1 1 _aWright, Thomas,
_eanot.
_9117423
852 _aES-MaACL
_jG-2376-2377
_z-- Enc. hol.
999 _c153058
_d153058